| 000 | 01234nam a2200385 i 4500 | ||
|---|---|---|---|
| 001 | 24627 | ||
| 003 | KOSZ 005 | ||
| 005 | 20221213113148.0 | ||
| 008 | 970510s1993 pl f |000 0 pol | ||
| 015 | _aPB 1993/2169 | ||
| 020 | _a8385441034 | ||
| 040 |
_aWA N _cWA N _dKOSZ 005/HR |
||
| 046 | _k1993 | ||
| 080 | _a658.114 | ||
| 080 | _a005.2 | ||
| 080 | _a(083.1) | ||
| 245 | 0 | 0 |
_aStrategie w biznesie : _bpraca zbiorowa / _cpod red. Kazimierza Sedlaka. |
| 260 |
_aKraków : _bWydawnictwo Profesjonalnej Szkoły Biznesu, _c1993. |
||
| 300 |
_a176 s. ; _c23 cm. |
||
| 336 |
_2rdacontent _aTekst _btxt |
||
| 337 |
_2rdamedia _aBez urządzenia pośredniczącego _bn |
||
| 338 |
_2rdacarrier _aWolumin _bnc |
||
| 380 | _aKsiążki | ||
| 388 | _a1901-2000 | ||
| 388 | _a1989-2000 | ||
| 490 | 1 | _aBiblioteka Menedżera. | |
| 504 | _aBibliogr. s. 133, 163. | ||
| 650 | 4 | _aPrzedsiębiorstwo prywatne | |
| 650 | 4 | _aZarządzanie strategiczne | |
| 658 | _aZarządzanie i marketing | ||
| 700 | 1 |
_aSedlak, Kazimierz _d(1952- ) _eRedakcja |
|
| 830 | 0 | _aBiblioteka Menedżera | |
| 856 |
_uhttp://koha.tu.koszalin.pl/cgi-bin/koha/opac-detail.pl?biblionumber=24627 _yKatalog online BPK |
||
| 942 |
_2UKD _cKS |
||
| 999 |
_c24627 _d24627 |
||